|
|
|
|
| LEADER |
00000cam a2200000 7i4500 |
| 001 |
0000047903 |
| 005 |
20230125.0 |
| 008 |
150530 |
| 020 |
|
|
|a 9789838913126
|
| 020 |
|
|
|a 983891312x
|
| 090 |
0 |
0 |
|a NS
|b MAL
|
| 100 |
1 |
|
|a Hashim Latiff
|
| 245 |
1 |
0 |
|a Titik peluh
|c Hashim Latiff
|
| 260 |
|
|
|a Shah Alam :
|b Selangor ,
|c 2002
|
| 300 |
|
|
|a 60pg. :
|b col.ill
|
| 490 |
1 |
|
|a siri bidalan simpulan bahasa
|
| 650 |
|
0 |
|a Malay fiction
|
| 999 |
|
|
|a 0000919325
|b Book
|c Children Collection
|e Cawangan Bukit Gambir
|
| 999 |
|
|
|a 0000919327
|b Book
|c Adult Collection
|e Cawangan Bukit Gambir
|
| 999 |
|
|
|a 0000927849
|b Book
|c Children Collection
|e Cawangan Tangkak
|
| 999 |
|
|
|a 0000927850
|b Book
|c Children Collection
|e Cawangan Tangkak
|
| 999 |
|
|
|a 0000927851
|b Book
|c Children Collection
|e Cawangan Tangkak
|